000 00686nam a2200181Ia 4500
008 090124s9999 xx 000 0 und d
082 _b4639
_a87
100 _aकानिटकर राजाराम प्र.
245 _a कवीद्रं रवींद्रनाथ टागोर
250 _a1
260 _c1932
300 _a134
600 _aकानिटकर राजाराम प्र.
630 _a कवीद्रं रवींद्रनाथ टागोर
700 _aकानिटकर राजाराम प्र.
730 _a कवीद्रं रवींद्रनाथ टागोर
942 _cBOOK
999 _c118580
_d118580